000 00717nam a2200265 a 4500
001 000110611
003 CHAP
005 20220329144140.0
008 140918s2009 mx |r| ||||||spa d
010 _a107073
011 _a108045
020 _a9687871792
040 _cCHAP
082 0 4 _a861
_bA27
100 1 _aAgosto, Alegría
_9128438
245 1 0 _aA piel desnuda /
_cpor Alegría Agosto.
260 _aMérida, Yucatán :
_bInstituto de Cultura de Yucatán
_bConsejo Nacional para la Cultura y las Artes,
_c2009.
300 _a91 p.
590 _aE5765TAJ
_b05
_c20140918
_lUCH01
_h0839
650 1 4 _aLiteratura.
_967113
650 1 4 _aPoesía.
_990141
901 _aBK
942 _cLIBRO
942 _n0
999 _c107073
_d107073